| 000 -LEADER |
| fixed length control field |
01519nam a22001577a 4500 |
| 020 ## - INTERNATIONAL STANDARD BOOK NUMBER |
| ISBN |
9780367253875 |
| 082 ## - DEWEY DECIMAL CLASSIFICATION NUMBER |
| Classification number |
658.403 |
| Item number |
St816 2021 |
| 100 ## - MAIN ENTRY--AUTHOR NAME |
| Personal name |
Stefaniak, Jill E., author. |
| 245 ## - TITLE STATEMENT |
| Title |
Needs assessment for learning and performance : theory, process and practice / Jill E. Stefaniak. |
| 260 ## - PUBLICATION, DISTRIBUTION, ETC. (IMPRINT) |
| Place of publication |
New York, NY : |
| Name of publisher |
Routledge, |
| Year of publication |
c2021. |
| 300 ## - PHYSICAL DESCRIPTION |
| Number of Pages |
1 online resource, 201 pages : |
| Other physical details |
Illustrations (some colors) |
| 500 ## - GENERAL NOTE |
| General note |
Includes bibliographic references and indexes. |
| 520 ## - SUMMARY, ETC. |
| Summary, etc |
Needs Assessment for Learning and Performance offers comprehensive coverage of the knowledge and skills needed to develop and conduct needs assessments and to analyze, interpret, and communicate results to clients and organizations. Though critical to planning any performance improvement system, needs assessments can feel abstract and vague to students who have not yet managed the process in a professional setting. This first-of-its-kind textbook uses a variety of real-world examples to connect major theories and models to effective principles for practice. Each chapter offers guiding questions, key terms and concepts, recommended readings, and case studies illustrating how needs assessment training can be applied. Graduate students and researchers of instructional design, human resources, performance improvement, program evaluation, and other programs will find this volume relevant to a range of academic and organizational contexts. |
| 650 ## - SUBJECT ADDED ENTRY--TOPICAL TERM |
| Topical Term |
Needs assessment -- Performance technology. |
| 942 ## - ADDED ENTRY ELEMENTS (KOHA) |
| Koha item type |
Electronic Books |